000 00488nam a2200205Ia 4500
005 20240823050914.0
008 240823s9999||||xx |||||||||||||| ||und||
020 _a1-8004-023-2
041 _aENGLISH
082 _A338.9 Q0
100 _aDuncan K Foley
245 0 _aGrowth and Distribution
250 _a1st
260 _c2010
_b"All India Pub,Chennai"
500 _aYES
650 _aGrowth
_bManagement Studies
700 _a Thomas R Michl
942 _cBK
999 _c218326
_d218326